Softly - Clairo - Statistics

General Stats
  • This quiz has been taken 30 times
  • The average score is 171 of 220
Answer Stats
Hint Answer % Correct
I
100%
my
100%
so
100%
softly
100%
you
100%
You
100%
be
95%
could
95%
in
95%
it
95%
me
95%
To
95%
to
95%
Chorus Touch
95%
And
89%
and
89%
do
89%
Do
89%
get
89%
know
89%
Know
89%
that
89%
the
89%
what
89%
But
84%
but
84%
call
84%
Verse 1 Is
84%
mood
84%
night
84%
one
84%
only
84%
should
84%
at
79%
baby?
79%
Baby
79%
close
79%
I'm
79%
go
74%
late
74%
think
74%
Think
74%
up
74%
want
74%
we
74%
All
68%
all
68%
can
68%
feel
68%
got
68%
isn't
68%
probably
68%
right
68%
this
68%
tryna
68%
way
68%
alright
63%
closer
63%
Pre-Chorus Didn't
63%
feeling
63%
yeah
63%
don't
58%
move
58%
over
58%
say
58%
ask
53%
care
53%
Care
53%
come
53%
early?
53%
gotta
53%
love
53%
mean
53%
they
53%
girl
47%
life
47%
mind
47%
sometime?"
47%
sweet
47%
differently
42%
forever
42%
of
42%
Tell
42%
ways
42%
Been
37%
doing
37%
nothings
37%
"Why
37%
blind?
32%
fallin'
32%
wanting
32%
am
26%
overnight
26%
No matching quizzes found
Score Distribution
Percent of People with Each Score
Percentile by Number Answered
Your Score History
You have not taken this quiz